Consumer behaviour : (Record no. 9703)
[ view plain ]
| 000 -LEADER | |
|---|---|
| fixed length control field | 01067nac a22002651u 4500 |
| 010 ## - LIBRARY OF CONGRESS CONTROL NUMBER | |
| LC control number | 2001051114 |
| 020 ## - INTERNATIONAL STANDARD BOOK NUMBER | |
| International Standard Book Number | 027365182X (pbk.) |
| 082 00 - DEWEY DECIMAL CLASSIFICATION NUMBER | |
| Classification number | 658.83420 |
| Item number | SOL |
| 090 ## - LOCALLY ASSIGNED LC-TYPE CALL NUMBER (OCLC); LOCAL CALL NUMBER (OCLC) | |
| -- | 9703 |
| -- | 9703 |
| 100 ## - MAIN ENTRY--PERSONAL NAME | |
| Personal name | Solomon, Michael R. |
| 245 10 - TITLE STATEMENT | |
| Title | Consumer behaviour : |
| Remainder of title | a European perspective / |
| Statement of responsibility, etc | Michael Solomon, Gary Bamossy, Søren Askegaard. |
| 246 3# - VARYING FORM OF TITLE | |
| Title proper/short title | Consumer behavior |
| 250 ## - EDITION STATEMENT | |
| Edition statement | 2nd ed. |
| 260 ## - PUBLICATION, DISTRIBUTION, ETC. (IMPRINT) | |
| Place of publication, distribution, etc | Harlow, England ; |
| -- | New York : |
| Name of publisher, distributor, etc | Financial Times/Prentice-Hall,c.2002. |
| Date of publication, distribution, etc | c.2002. |
| 300 ## - PHYSICAL DESCRIPTION | |
| Extent | xxiii, 630 p. : |
| Other physical details | col. ill. ; |
| Dimensions | 27 cm. |
| 500 ## - GENERAL NOTE | |
| General note | Distributer: Al-Ahram. |
| 504 ## - BIBLIOGRAPHY, ETC. NOTE | |
| Bibliography, etc | Includes bibliographical references and indexes. |
| 511 ## - PARTICIPANT OR PERFORMER NOTE | |
| Participant or performer note | Catalogued By: Mahitab. |
| 650 #0 - SUBJECT ADDED ENTRY--TOPICAL TERM | |
| Topical term or geographic name as entry element | Consumer behavior |
| Geographic subdivision | Europe. |
| 700 1# - ADDED ENTRY--PERSONAL NAME | |
| Personal name | Barmossy, Gary, |
| Dates associated with a name | 1949- |
| 700 1# - ADDED ENTRY--PERSONAL NAME | |
| Personal name | Askegaard, Søren. |
| 856 41 - ELECTRONIC LOCATION AND ACCESS | |
| Materials specified | Table of contents |
| Uniform Resource Identifier | <a href="http://www.loc.gov/catdir/toc/fy035/2001051114.html">http://www.loc.gov/catdir/toc/fy035/2001051114.html</a> |
| 942 ## - ADDED ENTRY ELEMENTS (KOHA) | |
| Item type | Book - Borrowing |
| Call number prefix | 658.83420SOL |
| Withdrawn status | Item status | Damaged status | Not for loan | Home library | Current library | Shelving location | Date acquired | Source of acquisition | Total Checkouts | Total Renewals | Full call number | Barcode | Date last seen | Date last borrowed | Cost, replacement price | Koha item type |
|---|---|---|---|---|---|---|---|---|---|---|---|---|---|---|---|---|
| Central Library | Central Library | First floor | 29/05/2008 | Purchase | 6 | 14 | 658.83420SOL | 000011691 | 15/07/2025 | 24/06/2018 | 166.50 | Book - Borrowing |